| 000 | 00746nam a22002057a 4500 | ||
|---|---|---|---|
| 005 | 20100727102143.0 | ||
| 010 | _aENG-96863 | ||
| 020 |
_a9788186689622 _c70.00 |
||
| 035 | _aEN-80396 | ||
| 037 | _bDBAD/PUB | ||
| 082 | _a910.7 | ||
| 100 |
_aThilaga Raja _92346 |
||
| 245 |
_aGeography education / _cby Thilaga Raja; edited by Chandrika Rajamohan |
||
| 260 |
_aChennai _bShantha Publishers _c2009 |
||
| 270 |
_a13 (5), Sripuram II Street, Royapettah, Chennai-600014 _bChennai |
||
| 300 |
_a160p. _c21cm (pbk) |
||
| 700 |
_aRajamohan, Chandrika _91905 |
||
| 942 |
_2ddc _cEN _h910.7 _mTHI |
||
| 999 |
_c37824 _d37824 |
||